Chémia a technológia monomérov

Salvato in:
Dettagli Bibliografici
Autore principale: Hrivík, Alexander, 1926-2003
Natura: Libro
Lingua:slovacco
Pubblicazione: Bratislava Slovenská vysoká škola technická 1985
Edizione:1. vyd.
Soggetti:
Accesso online:Visualizza in OPAC
Tags: Aggiungi Tag
Nessun Tag, puoi essere il primo ad aggiungerne!!

MARC

LEADER 00000nam a2200000 a 4500
005 20260127134212.0
008 180814s1985 xo 0 slo
015 |a SNBA1985/08 
020 |c 12 Kčs. (200 výtl.) 
035 |a vtls001095123 
035 |a SNK000037965 
039 9 |a 201808141702  |b VLOAD  |c 201808141702  |d VLOAD  |c 201610061554  |d VLOAD  |c 201608260955  |d AUTHORITY  |y 200412241147  |z VLOAD 
040 |a SNK  |b slo  |c SNK  |d STUSCHK1  |e AACR2 
041 0 |a slo 
044 |a xo  |c SK 
080 |a 541.64(075.8)  |2 1981 
080 |a 678.7(075.8)  |2 1981 
100 1 |a Hrivík, Alexander,  |d 1926-2003  |9 250 
245 0 |a Chémia a technológia monomérov  |c Alexander Hrivík 
250 |a 1. vyd. 
260 |a Bratislava  |b Slovenská vysoká škola technická  |c 1985  |e Bratislava  |f Edičné stredisko SVŠT 
300 |a 245 s., 15,575 AH  |c 29 cm 
500 |a Lit. 28. Schválil rektor SVŠT v Bratislave ako skriptá. Rozmn. 28 zázn. v slov., češ., ruš., angl. a rumun. 
650 0 7 |a [BK]  |2 SNK 
910 |a SCHK95 
954 |a monoméry  |x chémia a technológia  |x učebnice VŠ 
958 |a NB 
958 |a RM 
958 |a UV 
958 |a OND 
999 |c 6570  |d 6570